00905nam a22002057a 4500003001000000005001700010008004100027040001400068041001300082100004400095245007700139250002200216260000900238300001000247310001600257500011400273650001300387654001200400700028700412IT-MiCISF20230202145511.0230202b |||||||| |||| 00| 0 eng d cIT-MiCISF aitaliano aConsiglio Permanente della CEI (et al.) aCustodire ogni vita. Storie e voci di futuro.bGiornata per la vita 2022 a"Noi in famiglia" c2022 app.22 asettimanale aaccoglienza-della-vita, diritto-alla-vita, aborto, prevenzione, associazioni, non-autosufficienza, esperienze abioetica adossier aOgnibene F., Casini M., Andreatta D., Guiducci P., Patriciello M., Di Maolo F., Melazzini M., Carlin F., Poggio D., Mele L., Dal Mas F., Sartea A., Olivero E., Anzani G.aMazzoli R., Puglisi R., Martini F., Badaracchi L., Gamba M.C., Domenici C., Mazza S., Parolini O., De Nigris F.